<?xml version="1.0" encoding="UTF-8"?><record xmlns="http://www.loc.gov/MARC21/slim" xmlns:zs="http://docs.oasis-open.org/ns/search-ws/sruResponse">
  <leader>01220cem a22003733  4500</leader>
  <controlfield tag="001">5571304</controlfield>
  <controlfield tag="005">20250607184516.4</controlfield>
  <controlfield tag="007">aj|aanzn</controlfield>
  <controlfield tag="007">cr||||</controlfield>
  <controlfield tag="008">980708s1840    hiu       a     0   haw  </controlfield>
  <datafield ind1=" " ind2=" " tag="035">
    <subfield code="a">5571304</subfield>
  </datafield>
  <datafield ind1=" " ind2=" " tag="906">
    <subfield code="a">7</subfield>
    <subfield code="b">cbc</subfield>
    <subfield code="c">orignew</subfield>
    <subfield code="d">u</subfield>
    <subfield code="e">ncip</subfield>
    <subfield code="f">19</subfield>
    <subfield code="g">n-geogmaps</subfield>
  </datafield>
  <datafield ind1=" " ind2=" " tag="955">
    <subfield code="a">ga33</subfield>
  </datafield>
  <datafield ind1=" " ind2=" " tag="010">
    <subfield code="a">   98687131 </subfield>
    <subfield code="z">  2020586099</subfield>
  </datafield>
  <datafield ind1="0" ind2=" " tag="034">
    <subfield code="a">a</subfield>
  </datafield>
  <datafield ind1=" " ind2=" " tag="040">
    <subfield code="a">DLC</subfield>
    <subfield code="c">DLC</subfield>
    <subfield code="d">DLC</subfield>
  </datafield>
  <datafield ind1="0" ind2="0" tag="050">
    <subfield code="a">G1019</subfield>
    <subfield code="b">.M256 1840</subfield>
  </datafield>
  <datafield ind1=" " ind2=" " tag="052">
    <subfield code="a">3200</subfield>
  </datafield>
  <datafield ind1="0" ind2="3" tag="245">
    <subfield code="a">He mau palapala aina, a me na niele e pili ana. Hookahi ke pai ana.</subfield>
  </datafield>
  <datafield ind1=" " ind2=" " tag="255">
    <subfield code="a">Scales differ.</subfield>
  </datafield>
  <datafield ind1=" " ind2=" " tag="260">
    <subfield code="a">Lahainaluna,</subfield>
    <subfield code="c">1840</subfield>
  </datafield>
  <datafield ind1=" " ind2=" " tag="300">
    <subfield code="a">1 p.l., [3]-14 p., 9 maps,</subfield>
    <subfield code="b">1 pl. fol.</subfield>
    <subfield code="c">30 cm</subfield>
  </datafield>
  <datafield ind1=" " ind2=" " tag="500">
    <subfield code="a">Microfilm G&amp;M - 3011</subfield>
    <subfield code="5">DLC</subfield>
  </datafield>
  <datafield ind1="4" ind2=" " tag="510">
    <subfield code="a">LC Hawaii,</subfield>
    <subfield code="c">25</subfield>
  </datafield>
  <datafield ind1=" " ind2=" " tag="530">
    <subfield code="a">Available also through the Library of Congress Web site as a raster image.</subfield>
  </datafield>
  <datafield ind1=" " ind2="7" tag="655">
    <subfield code="a">World atlases.</subfield>
    <subfield code="2">lcgft</subfield>
  </datafield>
  <datafield ind1=" " ind2=" " tag="752">
    <subfield code="a">Earth.</subfield>
  </datafield>
  <datafield ind1="0" ind2=" " tag="852">
    <subfield code="a">Library of Congress</subfield>
    <subfield code="b">Geography and Map Division</subfield>
    <subfield code="e">Washington, D.C. 20540-4650</subfield>
    <subfield code="n">dcu</subfield>
  </datafield>
  <datafield ind1="4" ind2="1" tag="856">
    <subfield code="3">map [1]</subfield>
    <subfield code="d">g3200</subfield>
    <subfield code="f">ct000195</subfield>
    <subfield code="u">http://hdl.loc.gov/loc.gmd/g3200.ct000195</subfield>
    <subfield code="q">c</subfield>
  </datafield>
  <datafield ind1=" " ind2=" " tag="952">
    <subfield code="a">Vault</subfield>
  </datafield>
  <datafield ind1=" " ind2=" " tag="985">
    <subfield code="a">GMD/GNRLMAP</subfield>
    <subfield code="e">ammem</subfield>
  </datafield>
  <datafield ind1=" " ind2=" " tag="985">
    <subfield code="a">GMD/HAMAP</subfield>
    <subfield code="e">ammem</subfield>
  </datafield>
  <datafield ind1=" " ind2=" " tag="985">
    <subfield code="a">GMD/CT</subfield>
    <subfield code="e">ammem</subfield>
  </datafield>
  <datafield ind1=" " ind2=" " tag="991">
    <subfield code="b">c-G&amp;M</subfield>
    <subfield code="h">G1019</subfield>
    <subfield code="i">.M256 1840</subfield>
    <subfield code="t">Copy 1</subfield>
    <subfield code="m">Vault</subfield>
    <subfield code="w">MAPS</subfield>
  </datafield>
</record>
